000 00698nam a22002177a 4500
003 UA-OsUOA
001 76427
007 ta
008 20110705b un ||||| |||| 00| 0 ukr d
100 _aДолженко Ю.В.
090 _a902
_bД64
942 _cSA
040 _aUA-OsUOA
_bukr
_cUA-OsUOA
_dUA-OsUOA
245 _aНселення чернігівського літописного Передгороддя ХІІ - ХІІІ ст. за краніологічними даними
300 _aС.72-82
955 _a0
041 _aukr
080 _a902
773 0 _w76422
_tАрхеологія
_dК.
_d2011
_g2
650 7 _a9 Географія. Біографії. Історія
_2UDC
999 _c362730
_d362730